<?xml version="1.0" encoding="UTF-8"?>
<record
    xmlns:xsi="http://www.w3.org/2001/XMLSchema-instance"
    xsi:schemaLocation="http://www.loc.gov/MARC21/slim http://www.loc.gov/standards/marcxml/schema/MARC21slim.xsd"
    xmlns="http://www.loc.gov/MARC21/slim">

  <leader>00701nam a22001577a 4500</leader>
  <controlfield tag="003">OSt</controlfield>
  <controlfield tag="005">20150908153130.0</controlfield>
  <controlfield tag="008">150908b        xxu||||| |||| 00| 0 eng d</controlfield>
  <datafield tag="040" ind1=" " ind2=" ">
    <subfield code="c">RUA</subfield>
  </datafield>
  <datafield tag="082" ind1=" " ind2=" ">
    <subfield code="a">AGR &#x1780;&#x17C2;&#x179C; 1993 B007 Or.1</subfield>
  </datafield>
  <datafield tag="100" ind1=" " ind2=" ">
    <subfield code="9">160</subfield>
    <subfield code="a">&#x1780;&#x17C2;&#x179C; &#x179F;&#x17B6;&#x179A;&#x17BF;&#x1793;</subfield>
  </datafield>
  <datafield tag="245" ind1=" " ind2=" ">
    <subfield code="a">&#x179F;&#x17B7;&#x1780;&#x17D2;&#x179F;&#x17B6;&#x1797;&#x17B6;&#x1796;&#x1792;&#x1793;&#x17CB;&#x1791;&#x17D2;&#x179A;&#x17C6;&#x17B6;&#x1793;&#x17C3;&#x1796;&#x17BC;&#x1787;&#x179F;&#x17D2;&#x179A;&#x17BC;&#x179C;&#x1785;&#x17C6;&#x1793;&#x17BC;&#x1793; &#x17E5;&#x17E0; &#x1796;&#x17BC;&#x1787;&#x1785;&#x17C6;&#x1796;&#x17C4;&#x17C7;&#x1780;&#x17B6;&#x179A;&#x1794;&#x17C6;&#x1795;&#x17D2;&#x179B;&#x17B6;&#x1789;&#x1793;&#x17C3;&#x179F;&#x178F;&#x17D2;&#x179C;&#x179B;&#x17D2;&#x17A2;&#x17B7;&#x178F;&#x1780;&#x17D2;&#x1793;&#x17BB;&#x1784;&#x179B;&#x1780;&#x17D2;&#x1781;&#x1781;&#x17D0;&#x178E;&#x17D2;&#x178C;&#x179F;&#x17D2;&#x178F;&#x17B6;&#x1793;&#x17B8;&#x1799;&#x17CD;&#x1780;&#x17B6;&#x179A;&#x1796;&#x17B6;&#x179A;&#x178A;&#x17C6;&#x178E;&#x17B6;&#x17C6;&#x179F;&#x17D2;&#x1791;&#x17B9;&#x1784;&#x1798;&#x17B6;&#x1793;&#x200B;&#x1787;&#x17D0;&#x1799;</subfield>
  </datafield>
  <datafield tag="260" ind1=" " ind2=" ">
    <subfield code="a">Phnom Penh</subfield>
    <subfield code="b">RUA</subfield>
    <subfield code="c">1993</subfield>
  </datafield>
  <datafield tag="300" ind1=" " ind2=" ">
    <subfield code="a">88p.</subfield>
    <subfield code="b">ill.</subfield>
    <subfield code="c">29cm.</subfield>
  </datafield>
  <datafield tag="942" ind1=" " ind2=" ">
    <subfield code="2">ddc</subfield>
    <subfield code="c">AGR</subfield>
  </datafield>
  <datafield tag="999" ind1=" " ind2=" ">
    <subfield code="c">141</subfield>
    <subfield code="d">141</subfield>
  </datafield>
  <datafield tag="952" ind1=" " ind2=" ">
    <subfield code="0">0</subfield>
    <subfield code="1">0</subfield>
    <subfield code="2">ddc</subfield>
    <subfield code="4">0</subfield>
    <subfield code="6">AGR_&#x1780;&#x17C2;&#x179C;_1993_000000000000000_B007_OR_1</subfield>
    <subfield code="7">0</subfield>
    <subfield code="9">482</subfield>
    <subfield code="a">LBB</subfield>
    <subfield code="b">LBB</subfield>
    <subfield code="c">B007</subfield>
    <subfield code="d">2015-09-08</subfield>
    <subfield code="o">AGR &#x1780;&#x17C2;&#x179C; 1993 B007 Or.1</subfield>
    <subfield code="p">RUA003883</subfield>
    <subfield code="r">2015-09-08</subfield>
    <subfield code="w">2015-09-08</subfield>
    <subfield code="y">AGR</subfield>
  </datafield>
  <datafield tag="952" ind1=" " ind2=" ">
    <subfield code="0">0</subfield>
    <subfield code="1">0</subfield>
    <subfield code="2">ddc</subfield>
    <subfield code="4">0</subfield>
    <subfield code="6">AGR_&#x1780;&#x17C2;&#x179C;_1993_000000000000000_B007_OR_2</subfield>
    <subfield code="7">0</subfield>
    <subfield code="9">483</subfield>
    <subfield code="a">LBB</subfield>
    <subfield code="b">LBB</subfield>
    <subfield code="c">B007</subfield>
    <subfield code="d">2015-09-08</subfield>
    <subfield code="l">2</subfield>
    <subfield code="o">AGR &#x1780;&#x17C2;&#x179C; 1993 B007 Or.2</subfield>
    <subfield code="p">RUA005603</subfield>
    <subfield code="r">2016-08-01</subfield>
    <subfield code="s">2016-07-15</subfield>
    <subfield code="w">2015-09-08</subfield>
    <subfield code="y">AGR</subfield>
  </datafield>
  <datafield tag="952" ind1=" " ind2=" ">
    <subfield code="0">0</subfield>
    <subfield code="1">0</subfield>
    <subfield code="2">ddc</subfield>
    <subfield code="4">0</subfield>
    <subfield code="6">AGR_&#x1780;&#x17C2;&#x179C;_1993_000000000000000_B007_OR_3</subfield>
    <subfield code="7">0</subfield>
    <subfield code="9">484</subfield>
    <subfield code="a">LBB</subfield>
    <subfield code="b">LBB</subfield>
    <subfield code="c">B007</subfield>
    <subfield code="d">2015-09-08</subfield>
    <subfield code="o">AGR &#x1780;&#x17C2;&#x179C; 1993 B007 Or.3</subfield>
    <subfield code="p">RUA005407</subfield>
    <subfield code="r">2015-09-08</subfield>
    <subfield code="w">2015-09-08</subfield>
    <subfield code="y">AGR</subfield>
  </datafield>
  <datafield tag="952" ind1=" " ind2=" ">
    <subfield code="0">0</subfield>
    <subfield code="1">0</subfield>
    <subfield code="2">ddc</subfield>
    <subfield code="4">0</subfield>
    <subfield code="6">AGR_&#x1780;&#x17C2;&#x179C;_1993_000000000000000_B007_OR_4</subfield>
    <subfield code="7">0</subfield>
    <subfield code="9">485</subfield>
    <subfield code="a">LBB</subfield>
    <subfield code="b">LBB</subfield>
    <subfield code="c">B007</subfield>
    <subfield code="d">2015-09-08</subfield>
    <subfield code="o">AGR &#x1780;&#x17C2;&#x179C; 1993 B007 Or.4</subfield>
    <subfield code="p">RUA005890</subfield>
    <subfield code="r">2015-09-08</subfield>
    <subfield code="w">2015-09-08</subfield>
    <subfield code="y">AGR</subfield>
  </datafield>
  <datafield tag="952" ind1=" " ind2=" ">
    <subfield code="0">0</subfield>
    <subfield code="1">0</subfield>
    <subfield code="2">ddc</subfield>
    <subfield code="4">0</subfield>
    <subfield code="6">AGR_&#x1780;&#x17C2;&#x179C;_1993_000000000000000_B007_OR_5</subfield>
    <subfield code="7">0</subfield>
    <subfield code="9">486</subfield>
    <subfield code="a">LBB</subfield>
    <subfield code="b">LBB</subfield>
    <subfield code="c">B007</subfield>
    <subfield code="d">2015-09-08</subfield>
    <subfield code="o">AGR &#x1780;&#x17C2;&#x179C; 1993 B007 Or.5</subfield>
    <subfield code="p">RUA003732</subfield>
    <subfield code="r">2015-09-08</subfield>
    <subfield code="w">2015-09-08</subfield>
    <subfield code="y">AGR</subfield>
  </datafield>
  <datafield tag="952" ind1=" " ind2=" ">
    <subfield code="0">0</subfield>
    <subfield code="1">0</subfield>
    <subfield code="2">ddc</subfield>
    <subfield code="4">0</subfield>
    <subfield code="6">AGR_&#x1780;&#x17C2;&#x179C;_1993_000000000000000_B007_OR_6</subfield>
    <subfield code="7">0</subfield>
    <subfield code="9">487</subfield>
    <subfield code="a">LBB</subfield>
    <subfield code="b">LBB</subfield>
    <subfield code="c">B007</subfield>
    <subfield code="d">2015-09-08</subfield>
    <subfield code="o">AGR &#x1780;&#x17C2;&#x179C; 1993 B007 Or.6</subfield>
    <subfield code="p">RUA003660</subfield>
    <subfield code="r">2015-09-08</subfield>
    <subfield code="w">2015-09-08</subfield>
    <subfield code="y">AGR</subfield>
  </datafield>
  <datafield tag="952" ind1=" " ind2=" ">
    <subfield code="0">0</subfield>
    <subfield code="1">0</subfield>
    <subfield code="2">ddc</subfield>
    <subfield code="4">0</subfield>
    <subfield code="6">AGR_&#x1780;&#x17C2;&#x179C;_1993_000000000000000_B007_OR_7</subfield>
    <subfield code="7">0</subfield>
    <subfield code="9">488</subfield>
    <subfield code="a">LBB</subfield>
    <subfield code="b">LBB</subfield>
    <subfield code="c">B007</subfield>
    <subfield code="d">2015-09-08</subfield>
    <subfield code="o">AGR &#x1780;&#x17C2;&#x179C; 1993 B007 Or.7</subfield>
    <subfield code="p">RUA003588</subfield>
    <subfield code="r">2015-09-08</subfield>
    <subfield code="w">2015-09-08</subfield>
    <subfield code="y">AGR</subfield>
  </datafield>
  <datafield tag="952" ind1=" " ind2=" ">
    <subfield code="0">0</subfield>
    <subfield code="1">0</subfield>
    <subfield code="2">ddc</subfield>
    <subfield code="4">0</subfield>
    <subfield code="6">AGR_&#x1780;&#x17C2;&#x179C;_1993_000000000000000_B007_OR_8</subfield>
    <subfield code="7">0</subfield>
    <subfield code="9">489</subfield>
    <subfield code="a">LBB</subfield>
    <subfield code="b">LBB</subfield>
    <subfield code="c">B007</subfield>
    <subfield code="d">2015-09-08</subfield>
    <subfield code="o">AGR &#x1780;&#x17C2;&#x179C; 1993 B007 Or.8</subfield>
    <subfield code="p">RUA005585</subfield>
    <subfield code="r">2015-09-08</subfield>
    <subfield code="w">2015-09-08</subfield>
    <subfield code="y">AGR</subfield>
  </datafield>
  <datafield tag="952" ind1=" " ind2=" ">
    <subfield code="0">0</subfield>
    <subfield code="1">0</subfield>
    <subfield code="2">ddc</subfield>
    <subfield code="4">0</subfield>
    <subfield code="6">AGR_&#x1780;&#x17C2;&#x179C;_1993_000000000000000_B007_OR_9</subfield>
    <subfield code="7">0</subfield>
    <subfield code="9">490</subfield>
    <subfield code="a">LBB</subfield>
    <subfield code="b">LBB</subfield>
    <subfield code="c">B007</subfield>
    <subfield code="d">2015-09-08</subfield>
    <subfield code="o">AGR &#x1780;&#x17C2;&#x179C; 1993 B007 Or.9</subfield>
    <subfield code="p">RUA003744</subfield>
    <subfield code="r">2015-09-08</subfield>
    <subfield code="w">2015-09-08</subfield>
    <subfield code="y">AGR</subfield>
  </datafield>
  <datafield tag="952" ind1=" " ind2=" ">
    <subfield code="0">0</subfield>
    <subfield code="1">0</subfield>
    <subfield code="2">ddc</subfield>
    <subfield code="4">0</subfield>
    <subfield code="6">AGR_&#x1780;&#x17C2;&#x179C;_1993_000000000000000_B007_OR_10</subfield>
    <subfield code="7">0</subfield>
    <subfield code="9">1061</subfield>
    <subfield code="a">LBB</subfield>
    <subfield code="b">LBB</subfield>
    <subfield code="d">2015-09-10</subfield>
    <subfield code="o">AGR &#x1780;&#x17C2;&#x179C; 1993 B007 Or.10</subfield>
    <subfield code="p">RUA006655</subfield>
    <subfield code="r">2015-09-10</subfield>
    <subfield code="w">2015-09-10</subfield>
    <subfield code="y">AGR</subfield>
  </datafield>
</record>
